| 000 | 00936nas a2200289 4500 | ||
|---|---|---|---|
| 001 | BR8707325 | ||
| 003 | BR-BrBNA | ||
| 005 | 20231205090923.0 | ||
| 007 | ta | ||
| 008 | 230509b bl.|||p| |||| 00| 00por d | ||
| 040 |
_aBR-BrBNA _bpor _cBiblioteca Nacional de Agricultura |
||
| 041 | _a(Pt) | ||
| 072 | _aL02 | ||
| 100 | 1 | _aRosa, L.C. de A. | |
| 100 | 1 | _aSilva, J.F.C. da | |
| 100 | 1 | _aAndrade, A.T. de | |
| 100 | 1 | _aLeao, M.I. | |
| 245 | 1 | _aSolubilidade abomasal e ruminal de fontes inorganicas de fosforo em bovinos e bubalinos | |
| 246 | 1 | _aAbomasal and a ruminal solubility of inorganic phosphate sources for cattle and buffalo | |
| 650 | _aBOVINO | ||
| 650 | _aBUFALO | ||
| 650 | _aFOSFORO | ||
| 650 | _aSOLUBILIDADE | ||
| 773 | 0 |
_tRevista da Sociedade Brasileira de Zootecnia (Brazil) _xISSN 0100-4859 _g(1986), v. 15(4) p. 364-371 _wBR8707325 |
|
| 909 |
_a202311 _bLúcia _c55 _dLúcia Elande |
||
| 942 |
_2AGRIS _n0 _cANA |
||
| 999 |
_c121643 _d121643 |
||